Сб. 6; Научные труды

Bibliografski detalji
Parent link:Научные труды: [сборник]/ Московский технологический институт легкой промышленности (МТИЛП). Сб. 6.— , 1954-
Daljnji autori: Цветков В. Н. (редактор), Гайдаров Л. П.
Jezik:ruski
Izdano: 1956
Teme:
Format: Knjiga
KOHA link:https://koha.lib.tpu.ru/cgi-bin/koha/opac-detail.pl?biblionumber=197558

MARC

LEADER 00000nam2a2200000 4500
001 197558
005 20231031183511.0
035 |a (RuTPU)RU\TPU\book\215505 
035 |a RU\TPU\book\215280 
090 |a 197558 
100 |a 20110614d1956 k y0rusy50 ca 
101 0 |a rus 
102 |a RU 
105 |a a z 001zy 
200 0 |a Сб. 6  |f под ред. В. Н. Цветкова, Л. П. Гайдарова 
210 |d 1956 
215 |a 276 с.  |c ил. 
320 |a Библиогр. в конце ст. 
461 1 |0 (RuTPU)RU\TPU\book\215279  |t Научные труды  |o [сборник]  |f Московский технологический институт легкой промышленности (МТИЛП)  |v Сб. 6  |d 1954- 
610 1 |a белки 
610 1 |a дубление 
610 1 |a деструкция 
610 1 |a химия 
610 1 |a шкуры животных 
610 1 |a коллаген 
610 1 |a обувное производство 
610 1 |a фенолы 
610 1 |a кожевенное производство 
610 1 |a кожевенные материалы 
675 |a 67  |v 3 
702 1 |a Цветков  |b В. Н.  |4 340 
702 1 |a Гайдаров  |b Л. П.  |4 340 
801 1 |a RU  |b 63413507  |c 20110610 
801 2 |a RU  |b 63413507  |c 20130326  |g RCR 
942 |c BK